000 00294nam a22001337a 4500
020 _a978-81-264-5236-1
082 _a894.812
_bSIV/S
100 _aPROF.S.SHIVADAS
245 _aSCIENCE ACTIVITY BANK
260 _aTRICHUR
_bDC BOOKS
300 _a326
650 _aREFERNCE
_zKERALA
942 _cBK
999 _c1143
_d1143